000 00363nam a22001457a 4500
003 MACL
005 20200213162031.0
008 200213b xxu||||| |||| 00| 0 eng d
040 _c MACL
100 _aAhmad, Tufail
_978180
245 _aJihadist : Threat to India
260 _aJaipur
_bInfolimner Media
_c2016
650 _aNaxalism
_964923
942 _2ddc
_cBK
999 _c62058
_d62058